Ottone Rosai : i disegni del "bargello" /

Guardat en:
Dades bibliogràfiques
Altres autors: Rosai, Ottone, Nicoletti, Giuseppe, (1945- )
Format: Llibre
Idioma:italià
Publicat: Firenze : Pananti, [19.?]
Matèries:
Etiquetes: Afegir etiqueta
Sense etiquetes, Sigues el primer a etiquetar aquest registre!

MARC

LEADER 00000nam a22000007i 4500
001 IT\ICCU\USM\1688691
003 ItRI
005 20260115232410.0
008 071026q19001999it |||||| ||||| |||||c
040 |b ita  |c importazione bologna sebina 
041 7 |a ita  |2 ISO-639-2 
082 |a 741.945  |9 RACCOLTE DI DISEGNI. ITALIA  |2 21 
245 0 0 |a Ottone Rosai :  |b i disegni del "bargello" /  |c con due scritti di Giuseppe Nicoletti. 
260 |a Firenze :  |b Pananti, [19.?] 
300 |a 174 p. :  |b in gran parte ill. ;  |c 28 cm. 
650 7 |a ROSAI, OTTONE  |x DISEGNI  |2 scbi 
700 1 |a Rosai, Ottone  |0 IT\ICCU\CFIV\000392 
700 1 |a Nicoletti, Giuseppe,  |d  (1945- )  |0 IT\ICCU\CFIV\032376 
942 |2 ddc  |c BK  |n 0 
952 |0 0  |1 0  |4 0  |6 DOC_759_500000000000000_ROS  |7 0  |9 25429  |a BO  |b BO  |d 2026-01-15  |i 2799  |l 0  |o DOC 759.5 ROS  |p BO2799  |r 2026-01-15 23:24:10  |w 2026-01-15  |x [Sebina 5] [1 v.]  |y BK  |z 1 v. 
999 |c 21589  |d 21589